000 00274nam a22000857a 4500
008 131003b xxu||||| |||| 00| 0 eng d
020 _a9781558604797
_cAvailable
245 _aProbabilistic Reasoning In Intllgent Systems Networks of Plausible Inference
_cPearl Judea
250 _a2nd Ed
999 _c23443
_d23443